书目信息 |
| 题名: |
论王阳明
|
|
| 作者: | 张君劢, 著 ;江日新 译 | |
| 分册: | ||
| 出版信息: | 上海 上海人民出版社 2021.06 |
|
| 页数: | 214页 | |
| 开本: | 21cm | |
| 丛书名: | 张君劢作品 | |
| 单 册: | ||
| 中图分类: | B248.21 | |
| 科图分类: | ||
| 主题词: | 思想家--si xiang jia--人物研究--中国--明代 | |
| 电子资源: | ||
| ISBN: | 978-7-208-16971-5 | |
| 000 | 01211nam 2200289 450 | |
| 001 | 0100028689 | |
| 005 | 20211025120159.0 | |
| 010 | @a978-7-208-16971-5@dCNY42.00 | |
| 100 | @a20210723d2021 em y0chiy50 ea | |
| 101 | 0 | @achi |
| 102 | @aCN@b310000 | |
| 105 | @ay z 000yd | |
| 106 | @ar | |
| 200 | 1 | @a论王阳明@Alun wang yang ming@f张君劢著@g江日新译 |
| 210 | @a上海@c上海人民出版社@d2021.06 | |
| 215 | @a214页@d21cm | |
| 225 | 2 | @a张君劢作品@Azhang jun mai zuo pin |
| 314 | @a张君劢, 中国近现代学者、哲学家、“新儒学”八大家之一。 | |
| 330 | @a本书包括《王阳明 —— 中国十六世纪的唯心主义哲学家》和《比较中日阳明学》两篇。前篇原著为英文, 是对王阳明学术及生平的简短而通俗的介绍性小论 ; 后篇是张君劢用中文写就的一本分析中日两国阳明学研究特色和专长的学术性小作, 牟宗三曾赞其为“发前人所未发, 抒意深远, 其足警惕吾人者甚大, 盖非有先生之志愿与识度, 莫能道”。 | |
| 410 | 0 | @12001 @a张君劢作品 |
| 600 | 0 | @a王阳明,@Awang yang ming@f1472-1529@x人物研究 |
| 606 | 0 | @a思想家@Asi xiang jia@x人物研究@y中国@z明代 |
| 690 | @aB248.21@v5 | |
| 701 | 0 | @a张君劢,@Azhang jun mai@f1887-1969@4著 |
| 702 | 0 | @a江日新@Ajiang ri xin@4译 |
| 801 | 0 | @aCN@c20210909 |
| 905 | @a河南城建学院图书馆@dB248.21@eZ124 | |
| 论王阳明/张君劢著/江日新译.-上海:上海人民出版社,2021.06 |
| 214页;21cm.-(张君劢作品) |
| ISBN 978-7-208-16971-5:CNY42.00 |
| 本书包括《王阳明 —— 中国十六世纪的唯心主义哲学家》和《比较中日阳明学》两篇。前篇原著为英文, 是对王阳明学术及生平的简短而通俗的介绍性小论 ; 后篇是张君劢用中文写就的一本分析中日两国阳明学研究特色和专长的学术性小作, 牟宗三曾赞其为“发前人所未发, 抒意深远, 其足警惕吾人者甚大, 盖非有先生之志愿与识度, 莫能道”。 |
| ● |
| 相关链接 |
|
|
|
正题名:论王阳明
索取号:B248.21/Z124
 
预约/预借
| 序号 | 登录号 | 条形码 | 馆藏地/架位号 | 状态 | 备注 |
| 1 | 1545829 | 215458298 | 社科库509/509社科库 14排4列6层/ [索取号:B248.21/Z124] | 在馆 | |
| 2 | 1545830 | 215458305 | 社科库509/509社科库 14排4列6层/ [索取号:B248.21/Z124] | 在馆 |